Normal view
MARC view
- Shaw, M. P , Madan, Arun
Entry Personal Name
001 - CONTROL NUMBER
- control field: 66721
003 - CONTROL NUMBER IDENTIFIER
- control field: NUST
005 - DATE AND TIME OF LATEST TRANSACTION
- control field: 20210628203643.0
008 - FIXED-LENGTH DATA ELEMENTS
- fixed length control field: 210628|| aca||aabn | a|a d
040 ## - CATALOGING SOURCE
- Original cataloging agency: NUST
- Transcribing agency: NUST
100 ## - HEADING--PERSONAL NAME
- Personal name: Shaw, M. P , Madan, Arun
670 ## - SOURCE DATA FOUND
- Source citation: Work cat.: (NUST): Shaw, M. P , Madan, Arun, The phusics and applications of amorphous semiconductors, 1988
